Aprenda: Electrónica, internet (Registro nro. 5953)

Detalles MARC
000 -CABECERA
campo de control de longitud fija 00496ata a2200205 4500
005 - FECHA Y HORA DE ACTUALIZACIÓN
campo de control 20161117182131.0
008 - LONGITUD FIJA
campo de control de longitud fija 150525b xxu||||| |||| 00| 0 spa d
041 ## - IDIOMA
Código de idioma del texto/pista de sonido o título separado
082 ## - CLASIFICACIÓN DECIMAL DEWEY
Número de clasificación 621.381 V192e
100 ## - AUTOR PERSONAL
Nombre de persona Vallejo, Horacio
245 ## - TÍTULO PROPIAMENTE DICHO
Título Aprenda: Electrónica, internet
260 ## - PIE DE IMPRENTA
Lugar de publicación, distribución, etc. México
260 ## - PIE DE IMPRENTA
Fecha de publicación, distribución, etc. 2003
300 ## - DESCRIPCIÓN FÍSICA
Extensión 128 páginas
650 ## - Materia General
Materia general ELECTRÓNICA
650 ## - Materia General
Materia general INTERNET
650 ## - Materia General
Materia general COMPUTACIÓN
650 ## - Materia General
Materia general HISTORIA
942 ## - Punto de Acceso Adicional Koha
Tipo de ítem Koha Libro
Existencias
Estado perdido Estado dañado No para préstamo Biblioteca permanente Biblioteca actual Signatura completa Código de barras Tipo de ítem
      Departamento de Biblioteca y Documentación Alfonso Chase Brenes Departamento de Biblioteca y Documentación Alfonso Chase Brenes 621.381 V192e 9648 Libro